Регионална библиотека "Любен Каравелов" - Русе

Шипка разказва... (Запис номер 389201)

MARC детайли
000 -Лидер
Контролно поле с фиксирана дължина 01718nkm a2200337 a 4500
003 - Код на организацията, давaща контролен номер
Контролно поле BLK
005 - Дата и час на последна редакция
Контролно поле 20240826142441.0
008 - Елементи от данни с фиксирана дължина
fixed length control field 200720b bu ||||| |||| 00| 0 bu d
040 ## - Източник на каталожния запис
Идентификатор на билиотеката - собственик на записа BLK
041 ## - Код за език
Код за езика на текст/звукозапис или на отделно заглавие Български
Код за езика КДБФ Български
080 ## - УДК
Текстов определител УДК Освобождение на България. Руско-турска война (1877-1878)
УДК код - определител по УДК 94(497.2)"1877/1878"
УДК - код + определител 94(497.2)"1877/1878"(084)
100 1# - Редна дума - Автор
R(LIN) 137888
Автор Христов, Иван Георгиев
Авторска отговорност първи автор
139 ## - Редно поле
Редна дума Христов, Иван Георгиев и др.
245 ## - Сведения за заглавието
Заглавие Шипка разказва...
Подзаглавни данни Албум
Редно поле (дума) Иван Христов; съавт. Слави Тодоров; ред. Кристин Миркова Разсолкова; фотогр. Константин Александров Танчев; худож. Божидар Хинков
257 ## - Страна на издаване
Страна на създаване/издаване България
260 ## - Област на издателските данни
9 (RLIN) 210539
Място на издаване, разпространение и проч. София
Име на издателя, разпространителя и проч. Септември
Година на издаване 1985
Издателство - префикс ISBN 954-406-
300 ## - Физическа характеристика
Страници 1 албум (60 с.)
Размери/Мащаб 22Х23 см
Илюстрации и др. с ил.
380 ## - Жанр
Жанр История
500 ## - Общи забележки
Забележка Имената на авт. отбелязани в изд. каре. - 10 084 тир.
650 #7 - Допълнително описание по предмет – тема
Основно описание – тема или топоним Освобождение на България - годишнини и юбилеи
Източник на редна или ключова дума
9 (RLIN) 165265
651 #7 - Допълнително описание по предмет - топоним
9 (RLIN) 179803
Географско понятие Шипка
653 #0 - Ключова дума – ненормативна
9 (RLIN) 401783
Ключова дума снимкови албуми
700 1# - Други автори (авторска отговорност)
9 (RLIN) 129407
Лично име Тодоров, Слави
Автороска отговорност (Описва отношението между автора и произведението) съавт.
700 1# - Други автори (авторска отговорност)
9 (RLIN) 114510
Лично име Разсолкова, Кристин Миркова
Автороска отговорност (Описва отношението между автора и произведението) ред.
700 ## - Други автори (авторска отговорност)
9 (RLIN) 434614
Лично име Хинков, Божидар
Автороска отговорност (Описва отношението между автора и произведението) худож.
700 ## - Други автори (авторска отговорност)
9 (RLIN) 351362
Лично име Танчев, Константин Александров
Автороска отговорност (Описва отношението между автора и произведението) фотогр.
852 ## - Местоположение
Форматна сигнатура Цб 301836
Фондова буква Хранилище
999 ## - СИСТЕМНИ КОНТРОЛНИ НОМЕРА
Koha biblionumber 389201
Koha biblioitemnumber 389201
942 ## - АРТИКУЛИ
Вид на библиотечния материал Книги
Скрит в OPAC Не
Периодичен библиозапис Да
944 ## - СЪЗДАВАНЕ И РЕДАКЦИЯ на ЗАПИСА
Създаване/Редакция Създаване
Дата на регистрацията/редакция 2020-09-29
Служител, извършил регистрацията/редакцията 30560
Статус, дата на статуса Геновева Генчева
999 ## - СИСТЕМНИ КОНТРОЛНИ НОМЕРА
Koha biblioitemnumber 389196
Наличности
Код за отписване Код за изгубен артикул Източник на класификационната схема Код за повреда Коз за рестрикции Код за отдаване Артикулен № Име на библиотеката - собственик Име на библиотеката, в която се намира в момента Статус (Текущо местоположение) Дата на вписване в системата Местоположение - отдел Цена в лева Инвентарен номер Систематично азбучна сигнатура Баркод Цена в евро Служебен тип на артикула
  Не е изгубен Universal Decimal Classification Не е повреден само за читалня ползва се в читалня 801767 Регионална библиотека "Любен Каравелов" Русе Регионална библиотека "Любен Каравелов" Русе Хранилище 2020-09-30 Хранилище 1.10 435169 Цб 301836 120000435169 0.56 Книги
Vip Innovations Ltd, Rousse, Bulgaria 2025